O livro de ouro da Amazonia / (Record no. 8215)

MARC details
000 -LEADER
campo de control de longitud fija 01118cam a2200349Ia 4500
001 - NÚMERO DE CONTROL
campo de control 77539
005 - FECHA Y HORA DE LA ÚLTIMA TRANSACCIÓN
campo de control 20230404125949.0
008 - DATOS DE LONGITUD FIJA--INFORMACIÓN GENERAL
campo de control de longitud fija 090423s2007 bl ab b 001 0 por d
035 ## - NÚMERO DE CONTROL DEL SISTEMA
Número de control de sistema (OCoLC)ocn422870120
040 ## - FUENTE DE CATALOGACIÓN
Centro catalogador/agencia de origen UBA
Centro/agencia transcriptor UBA
Centro/agencia modificador IUL
020 ## - NÚMERO INTERNACIONAL ESTÁNDAR DEL LIBRO
Número Internacional Estándar del Libro 9788500021619
020 ## - NÚMERO INTERNACIONAL ESTÁNDAR DEL LIBRO
Número Internacional Estándar del Libro 8500021616
035 ## - NÚMERO DE CONTROL DEL SISTEMA
Número de control de sistema (OCoLC)422870120
043 ## - CÓDIGO DE ÁREA GEOGRÁFICA
Código de área geográfica sa-----
050 14 - SIGNATURA TOPOGRÁFICA DE LA BIBLIOTECA DEL CONGRESO
Número de clasificación 103 F 2546
Número de ítem M514l 2004
100 1# - ENTRADA PRINCIPAL--NOMBRE DE PERSONA
Nombre de persona Meirelles Filho, Joao Carlos,
Fechas asociadas al nombre 1960-
245 12 - MENCIÓN DEL TÍTULO
Título O livro de ouro da Amazonia /
Mención de responsabilidad, etc. Joao Meirelles Filho.
250 ## - MENCION DE EDICION
Mención de edición 5a ed. revista e ampliada
260 ## - PUBLICACIÓN, DISTRIBUCIÓN, ETC.
Lugar de publicación, distribución, etc. Rio de Janeiro :
Nombre del editor, distribuidor, etc. Ediouro,
Fecha de publicación, distribución, etc. 2007.
300 ## - DESCRIPCIÓN FÍSICA
Extensión 442 p. :
Otras características físicas ill. (some col.), maps ;
Dimensiones 24 cm.
490 1# - MENCIÓN DE SERIE
Mención de serie Livros de ouro
500 ## - NOTA GENERAL
Nota general Glossario.
504 ## - NOTA DE BIBLIOGRAFÍA, ETC.
Nota de bibliografía, etc. Includes bibliographical references (p. [409]-425) and index.
651 #0 - PUNTO DE ACCESO ADICIONAL DE MATERIA--NOMBRE GEOGRÁFICO
Nombre geográfico Amazon River Region
Subdivisión general Description and travel.
651 #0 - PUNTO DE ACCESO ADICIONAL DE MATERIA--NOMBRE GEOGRÁFICO
Nombre geográfico Amazon River Region
Subdivisión general History.
651 #7 - PUNTO DE ACCESO ADICIONAL DE MATERIA--NOMBRE GEOGRÁFICO
Nombre geográfico Amazonia (Descricao)
Fuente del encabezamiento o término larpcal
651 #7 - PUNTO DE ACCESO ADICIONAL DE MATERIA--NOMBRE GEOGRÁFICO
Nombre geográfico Amazonia (Condicoes Economicas)
Fuente del encabezamiento o término larpcal
651 #7 - PUNTO DE ACCESO ADICIONAL DE MATERIA--NOMBRE GEOGRÁFICO
Nombre geográfico Amazonia (Historia)
Fuente del encabezamiento o término larpcal
830 #0 - PUNTO DE ACCESO ADICIONAL DE SERIE-TÍTULO UNIFORME
Título uniforme Livros de ouro.
942 ## - ELEMENTOS DE ENTRADA SECUNDARIOS (KOHA)
Fuente del sistema de clasificación o colocación Clasificación de Library of Congress
Tipo de ítem Koha
994 ## -
-- C0
-- DRFGD
Holdings
Estatus retirado Estado de pérdida Fuente del sistema de clasificación o colocación Estado de daño No para préstamo Colección Biblioteca de origen Biblioteca actual Ubicación en estantería Fecha de adquisición Serial enumeration / chronology Total checkouts Signatura topográfica completa Código de barras Visto por última vez Copia número Precio de reemplazo Tipo de ítem Koha
    Clasificación de Library of Congress     Recursos Regionales Biblioteca Juan Bosch Biblioteca Juan Bosch Recursos Regionales (2do. Piso) 04/04/2023 1   103 F 2546 M514l 2004 00000070581 23/10/2018 1 23/10/2018